01421cam a2200349 a 4500001001400000003000800014005001700022006001900039007001500058008004100073020003800114040003000152050002200182082001600204100001900220245010200239250001200341260002800353300004400381500008400425500002000509520024200529521001700771588004700788650001600835655002900851700001900880700002100899710001600920776003500936856010000971EDZ0000064279StDuBDS20161031105140.0m||||||||d||||||||cr |||||||||||120327s2002 enka fo| 001|0|eng d a9781446220634 (ebook) :cNo price aStDuBDSbengcStDuBDSepn 0aHF5635 .E257 200204a657.0442231 aMarriott, Pru.10aIntroduction to accountingh[electronic resource] /cPru Marriott, J.R. Edwards and H.J. Mellett. a3rd ed. aLondon :bSAGE,cc2002. a1 online resource (xiv, 537 p.) :bill. aPrevious ed.: published as by J.R. Edwards and H.J. Mellett. London: PCP, 1995. aIncludes index.8 aThe fully revised and updated third edition provides an introduction to accounting for students. It embraces the basic techniques and underlying theoretical concepts in accounting and shows how these are applied in various circumstances. aSpecialized. aDescription based on print version record. 0aAccounting. 7aElectronic books.2local1 aEdwards, J. R.1 aMellett, Howard.2 aSage eBooks08iPrint version :z978076197038540uhttp://ezproxy.alfaisal.edu/login?url=http://sk.sagepub.com/books/introduction-to-accounting-3e